Načítá se...
French theatre 1918-1939
| Hlavní autor: | |
|---|---|
| Médium: | Printed Book |
| Vydáno: |
London, Macmillan
1985
|
| Edice: | Macmillan modern dramatists
|
| Témata: |
| LEADER | 005760000a22001930004500 | ||
|---|---|---|---|
| 020 | |a 0-333-37259-X | ||
| 082 | |a 842.912 009 KNA/F M5 | ||
| 100 | |a Knapp, Bettina L | ||
| 245 | |a French theatre 1918-1939 | ||
| 260 | |a London, Macmillan | ||
| 260 | |c 1985 | ||
| 490 | |a Macmillan modern dramatists | ||
| 650 | |a Criticism | ||
| 650 | |a Drama | ||
| 650 | |a French literature | ||
| 650 | |a History | ||
| 942 | |c BK | ||
| 999 | |c 130168 |d 130164 | ||
| 952 | |0 0 |1 0 |4 0 |6 842_912000000000000_009_KNA_F_M5 |7 0 |9 129107 |a SCP |b SCP |d 2014-02-11 |l 0 |o 842.912 009 KNA/F M5 |p SCP03154 |r 2014-02-11 |w 2014-02-11 |y BK | ||